| 000 | 00341nam a2200133Ia 4500 | ||
|---|---|---|---|
| 008 | 240624s9999 xx 000 0 und d | ||
| 041 | _aeng | ||
| 082 | _a828 GHO | ||
| 100 | _aGHOSH AMITAV | ||
| 245 | _aDANCING IN CAMBODIA AND OTHER ESSAYS | ||
| 260 |
_c2008 _aNew Delhi _bPenguin/Viking |
||
| 300 | _a126 : p. : cm. ; 22 | ||
| 365 |
_cRS _b30 |
||
| 999 |
_c12492 _d12492 |
||